Statistics for Tour de France 2020 riders

Click here to take the quiz!

General Stats

  • This quiz has been taken 1,077 times
  • The average score is 67 of 176

Answer Stats

Team#Rider% Correct
INEOS Grenadiers1Egan Bernal
96%
Jumbo-Visma11Primoz Roglic
94%
BORA-hansgrohe21Peter Sagan
91%
UAE Team Emirates131Tadej Pogacar
88%
Israel Start-Up Nation171Daniel Martin
85%
Groupama-FDJ51Thibaut Pinot
85%
Cofidis121Guillaume Martin
84%
Jumbo-Visma17Tony Martin
84%
Jumbo-Visma18Wout van Aert
84%
Deceuninck-Quick-Step41Julian Alaphilippe
83%
Arkea-Samsic81Nairo Quintana
83%
AG2R La Mondiale31Romain Bardet
83%
Arkea-Samsic85Dayer Quintana
82%
INEOS Grenadiers3Richard Carapaz
82%
Movistar91Alejandro Valverde
81%
Deceuninck-Quick-Step43Sam Bennett
79%
Mitchelton-Scott161Adam Yates
78%
Jumbo-Visma12George Bennett
78%
INEOS Grenadiers5Michal Kwiatkowski
76%
Bahrain McLaren61Mikel Landa
76%
Jumbo-Visma16Sepp Kuss
76%
Lotto Soudal151Caleb Ewan
74%
INEOS Grenadiers7Pavel Sivakov
71%
EF71Rigoberto Uran
71%
Jumbo-Visma14Tom Dumoulin
70%
Astana141Miguel Angel Lopez
68%
Trek-Segafredo101Richie Porte
67%
INEOS Grenadiers2Andrey Amador
65%
INEOS Grenadiers8Dylan van Baarle
63%
Movistar94Enric Mas
62%
CCC111Greg Van Avermaet
62%
Groupama-FDJ53David Gaudu
58%
BORA-hansgrohe22Emanuel Buchmann
58%
INEOS Grenadiers6Luke Rowe
58%
INEOS Grenadiers4Jonathan Castroviejo
57%
Sunweb204Marc Hirschi
57%
Deceuninck-Quick-Step47Bob Jungels
56%
Deceuninck-Quick-Step42Kasper Asgreen
54%
Astana146Alexey Lutsenko
53%
Trek-Segafredo105Mads Pedersen
53%
Arkea-Samsic83Warren Barguil
53%
Groupama-FDJ54Stefan Kung
52%
UAE Team Emirates135Alexander Kristoff
51%
Sunweb207Casper Pedersen
51%
Trek-Segafredo104Bauke Mollema
50%
BORA-hansgrohe26Daniel Oss
50%
AG2R La Mondiale35Oliver Naesen
49%
EF76Daniel Felipe Martinez
48%
UAE Team Emirates132Fabio Aru
48%
Deceuninck-Quick-Step48Michael Morkov
48%
Bahrain McLaren66Matej Mohoric
46%
EF74Sergio Higuita
46%
BORA-hansgrohe28Maximilian Schachmann
45%
Jumbo-Visma15Robert Gesink
45%
Groupama-FDJ58Sebastien Reichenbach
45%
B&B Hotels-Vital Concept211Bryan Coquard
44%
Mitchelton-Scott165Daryl Impey
44%
CCC117Matteo Trentin
44%
Lotto Soudal154Thomas De Gendt
44%
Bahrain McLaren67Wout Poels
44%
Movistar97Marc Soler
43%
B&B Hotels-Vital Concept218Pierre Rolland
43%
Cofidis128Elia Viviani
42%
Israel Start-Up Nation172Andre Greipel
41%
Lotto Soudal157Philippe Gilbert
41%
AG2R La Mondiale33Benoit Cosnefroy
40%
NTT192Edvald Boasson Hagen
40%
NTT191Giacomo Nizzolo
40%
AG2R La Mondiale36Nans Peters
40%
EF77Neilson Powless
40%
Deceuninck-Quick-Step44Remi Cavagna
40%
BORA-hansgrohe24Lennard Kamna
39%
Mitchelton-Scott164Esteban Chaves
38%
Sunweb201Tiesj Benoot
38%
Trek-Segafredo106Toms Skujins
38%
Bahrain McLaren63Damiano Caruso
37%
EF73Hugh Carthy
37%
Sunweb205Soren Kragh Andersen
37%
CCC118Ilnur Zakarin
36%
Sunweb208Nicolas Roche
36%
EF78Tejay van Garderen
36%
Trek-Segafredo107Jasper Stuyven
35%
NTT195Michael Valgren
35%
Bahrain McLaren62Pello Bilbao
35%
UAE Team Emirates134Davide Formolo
34%
Astana143Hugo Houle
34%
Sunweb203Cees Bol
33%
Astana144Gorka Izagirre
33%
Astana145Ion Izagirre
33%
Lotto Soudal155John Degenkolb
33%
Cofidis124Jesus Herrada
32%
Astana147Luis Leon Sanchez
32%
AG2R La Mondiale34Pierre Latour
32%
EF72Alberto Bettiol
31%
Jumbo-Visma13Amund Grondahl Jansen
31%
Arkea-Samsic88Connor Swift
31%
BORA-hansgrohe25Gregor Muhlberger
31%
Israel Start-Up Nation176Guy Niv
31%
Mitchelton-Scott168Mikel Nieve
31%
Groupama-FDJ56Valentin Madouas
31%
BORA-hansgrohe27Lukas Postlberger
30%
Movistar95Nelson Oliveira
30%
BORA-hansgrohe23Felix Grossschartner
29%
Mitchelton-Scott167Luka Mezgec
29%
Israel Start-Up Nation177Nils Politt
28%
Bahrain McLaren64Sonny Colbrelli
28%
Deceuninck-Quick-Step45Tim Declercq
28%
UAE Team Emirates138Jan Polanc
27%
CCC113Simon Geschke
27%
Arkea-Samsic82Winner Anacona
27%
NTT197Domenico Pozzovivo
26%
Trek-Segafredo108Edward Theuns
26%
Trek-Segafredo103Kenny Elissonde
26%
Cofidis125Christophe Laporte
25%
Deceuninck-Quick-Step46Dries Devenyns
25%
Total Direct Energie183Lilian Calmejane
25%
CCC116Michael Schar
25%
Lotto Soudal158Roger Kluge
25%
NTT196Roman Kreuziger
25%
AG2R La Mondiale38Alexis Vuillermoz
24%
Mitchelton-Scott166Christopher Juul-Jensen
24%
UAE Team Emirates133David de la Cruz
24%
Total Direct Energie184Jerome Cousin
24%
Total Direct Energie181Niccolo Bonifazio
24%
Astana142Omar Fraile
24%
Trek-Segafredo102Niklas Eg
23%
Groupama-FDJ57Rudy Molard
22%
Lotto Soudal153Jasper De Buyst
21%
Movistar96Jose Joaquin Rojas
21%
Israel Start-Up Nation175Krists Neilands
21%
AG2R La Mondiale32Mickael Cherel
21%
Movistar98Carlos Verona
20%
Arkea-Samsic86Diego Rosa
20%
Israel Start-Up Nation174Hugo Hofstetter
20%
CCC114Jan Hirt
20%
Bahrain McLaren65Marco Haller
20%
CCC112Alessandro De Marchi
19%
Cofidis126Anthony Perez
19%
UAE Team Emirates136Vegard Stake Laengen
19%
Groupama-FDJ52William Bonnet
19%
Movistar93Imanol Erviti
18%
B&B Hotels-Vital Concept217Kevin Reza
18%
NTT194Michael Gogl
18%
Total Direct Energie188Anthony Turgis
17%
Israel Start-Up Nation173Ben Hermans
17%
Groupama-FDJ55Mathieu Ladagnous
17%
Cofidis123Nicolas Edet
17%
Mitchelton-Scott162Jack Bauer
16%
B&B Hotels-Vital Concept216Quentin Pacher
16%
Astana148Harold Tejada
15%
EF75Jens Keukeleire
15%
NTT198Max Walscheid
15%
NTT193Ryan Gibbons
15%
Cofidis122Simone Consonni
15%
AG2R La Mondiale37Clement Venturini
14%
B&B Hotels-Vital Concept215Cyril Gautier
14%
B&B Hotels-Vital Concept214Jens Debusschere
14%
Sunweb202Nikias Arndt
14%
Movistar92Dario Cataldo
13%
Mitchelton-Scott163Sam Bewley
13%
Lotto Soudal156Frederik Frison
12%
Total Direct Energie187Geoffrey Soupe
12%
Cofidis127Pierre-Luc Perichon
12%
Bahrain McLaren68Rafael Valls
12%
Lotto Soudal152Steff Cras
12%
CCC115Jonas Koch
11%
Total Direct Energie186Romain Sicard
11%
Israel Start-Up Nation178Tom Van Asbroeck
11%
Total Direct Energie185Fabien Grellier
10%
Arkea-Samsic84Kevin Ledanois
10%
UAE Team Emirates137Marco Marcato
10%
Arkea-Samsic87Clement Russo
9%
B&B Hotels-Vital Concept212Cyril Barthe
9%
Sunweb206Joris Nieuwenhuis
9%
Total Direct Energie182Mathieu Burgaudeau
9%
B&B Hotels-Vital Concept213Maxime Chevalier
8%

Score Distribution

Percentile by Number Answered

Percent of People with Each Score

Your Score History

You have not taken this quiz